| 000 | 00790nam a22001577a 4500 | ||
|---|---|---|---|
| 005 | 20260625082705.0 | ||
| 020 | _a9781398520905 | ||
| 082 | _a338.542 | ||
| 100 | _aDalio, Ray. | ||
| 245 | _aPrinciples for navigating big debt crises | ||
| 260 |
_aNew York _bAvid Reader press _c2022 |
||
| 300 |
_a471 pages _billustrations, color charts ; 27 cm |
||
| 520 | _aRay Dalio, the legendary investor and #1 New York Times bestselling author of Principles--whose books have sold more than five million copies worldwide--shares his unique template for how debt crises work and principles for dealing with them well. This template allowed his firm, Bridgewater Associates, to anticipate 2008's events and navigate them well while others struggled badly | ||
| 650 | _aFinancial crises | ||
| 942 | _cBK | ||
| 999 |
_c11526 _d11526 |
||